Famous People Named Dian, Diana, Diane, Dane or Dana - Statistics

General Stats
  • This quiz has been taken 258 times
    56 since last reset
  • The average score is 9 of 18
Answer Stats
Life Hint Person % Correct
1961–1997 Member of the British royal family Princess Diana
92%
Fictional Alter-ego of Wonder Woman Diana Prince
81%
1944– Lead singer of the Supremes Diana Ross
81%
1946– Actress in The Godfather and Woody Allen films Diane Keaton
79%
Mythological Roman goddess equated with the Greek goddess Artemis Diana
75%
Fictional One of the two main protagonists of The X-Files Dana Scully
65%
1932–1985 Studied mountain gorillas from 1966 until her murder in 1985 Dian Fossey
60%
1955– SNL actor who was Garth in Wayne's World Dana Carvey
52%
1965– Lonesome Dove actress who married Josh Brolin Diane Lane
38%
1979– Actress in Homeland and My So-Called Life Claire Danes
37%
1969– Businessman who is president of the UFC Dana White
37%
1938–2020 Actress in The Avengers (1965–68) and Game of Thrones Diana Rigg
37%
1933–2023 Longest-tenured female senator in U.S. history Dianne Feinstein
37%
1945– Anchor of Good Morning America and ABC World News Tonight Diane Sawyer
31%
1935–2025 Chinatown actress, mother of Laura Dern Diane Ladd
25%
1972– Vulgar comedian who sold out Madison Square Garden in 2007 Dane Cook
23%
1964– Canadian jazz musician who has sold 15 million albums Diana Krall
19%
1956– Prolific songwriter (Cher, LeAnn Rimes, Celine Dion, Aerosmith) Diane Warren
19%
No matching quizzes found
Score Distribution
Percent of People with Each Score
Percentile by Number Answered
Your Score History
You have not taken this quiz since the last reset